000
00312nam a22001337a 4500
005
20160316065932.0
008
140306b xxu||||| |||| 00| 0 eng d
020
_a
9780071763868
020
_a
0071763864
041
0
_a
eng
080
_a
510.21
245
_a
Math Word Problems;
_c
Bluman, Allan G.,
942
_2
udc
_c
BK
999
_c
404
_d
404